La Integración económica centroamericana

Zapisane w:
Opis bibliograficzny
1. autor: Liano Fait, Eduardo
Format: Texto
Wydane: México: FCE
Etykiety: Dodaj etykietę
Nie ma etykietki, Dołącz pierwszą etykiete!

MARC

LEADER 00000 a a2200000 04500
001 22945
003
040
090 |a 157801  
100 |a Liano Fait, Eduardo  
245 |a La Integración económica centroamericana  
260 |a México:   |b FCE  
300 |a 407 p  
999 |c 1509  |d 1509